| 000 | 01457nam a2200445 i 4500 | ||
|---|---|---|---|
| 001 | 56045 | ||
| 003 | KOSZ 005 | ||
| 005 | 20220112142548.0 | ||
| 008 | 080929s2008 pl a f |001 0 pol | ||
| 015 | _aUWD 2008/24103 | ||
| 020 | _a9788324615674 | ||
| 035 | _a991045141239705066 | ||
| 035 | _a(PL-WaBN)b22324744-48omnis_nlop | ||
| 035 | _ab22324744 | ||
| 035 | _a(OCoLC)750115464 | ||
| 035 | _a(PL)b0000002232474 | ||
| 035 | _a(EXLNZ-48OMNIS_NETWORK)9910219566405606 | ||
| 040 |
_aWA N _cWA N _dKR U _dKOSZ 005/HR |
||
| 046 | _k2008 | ||
| 080 | _a004.438 | ||
| 080 | _a(07) | ||
| 100 | 1 |
_aBesta, Piotr _eAutor |
|
| 245 | 1 | 0 |
_aVisual Studio 2005 : _bprogramowanie z Windows API w języku C++ / _cPiotr Besta. |
| 260 |
_aGliwice : _bWydawnictwo Helion, _ccop. 2008. |
||
| 300 |
_a726, [1] s. : _bil. ; _c24 cm + _edysk optyczny (CD-ROM). |
||
| 336 |
_aTekst _btxt _2rdacontent |
||
| 337 |
_aBez urządzenia pośredniczącego _bn _2rdamedia |
||
| 338 |
_aWolumin _bnc _2rdacarrier |
||
| 380 | _aKsiążki | ||
| 388 | _a2001- | ||
| 504 | _aIndeks. | ||
| 650 | 7 |
_aC++ (język programowania) _2DBN |
|
| 650 | 7 |
_aVisual Studio _2DBN |
|
| 655 | 7 |
_aPodręcznik _2DBN |
|
| 658 | _aInformatyka i technologie informacyjne | ||
| 710 | 2 |
_aHelion _4pbl |
|
| 856 |
_uhttp://koha.tu.koszalin.pl/cgi-bin/koha/opac-detail.pl?biblionumber=56045 _yKatalog online BPK |
||
| 942 |
_2UKD _cKS |
||
| 999 |
_c56045 _d56045 |
||